[Event "Portugal Open Semirrapidas"]
[Site "Lisboa POR"]
[Date "2020.02.02"]
[Round "6.35"]
[White "SILVA, Tiago"]
[Black "OLIVEIRA, Marco"]
[Result "0-1"]
[BlackElo "1993"]
[WhiteElo "1710"]
[LiveChessVersion "1.4.8"]

1. e4 {[%clk 0:15:09]} Nf6 {[%clk 0:15:08]} 2. e5 {[%clk 0:15:14]} Nd5
{[%clk 0:15:12]} 3. d4 {[%clk 0:15:18]} d6 {[%clk 0:15:16]} 4. c4
{[%clk 0:15:21]} Nb6 {[%clk 0:15:20]} 5. exd6 {[%clk 0:15:26]} exd6
{[%clk 0:15:22]} 6. Nc3 {[%clk 0:15:16]} Be7 {[%clk 0:15:25]} 7. Nf3
{[%clk 0:15:15]} Bg4 {[%clk 0:15:28]} 8. b3 {[%clk 0:15:09]} Nc6 {[%clk 0:15:27]}
9. d5 {[%clk 0:14:56]} Ne5 {[%clk 0:15:07]} 10. Be2 {[%clk 0:14:59]} Bxf3
{[%clk 0:14:08]} 11. Bxf3 {[%clk 0:14:53]} O-O {[%clk 0:14:01]} 12. O-O
{[%clk 0:14:53]} f5 {[%clk 0:13:37]} 13. Nb5 {[%clk 0:12:10]} Bf6
{[%clk 0:13:19]} 14. Rb1 {[%clk 0:12:02]} Nxf3+ {[%clk 0:12:54]} 15. Qxf3
{[%clk 0:11:58]} a6 {[%clk 0:12:57]} 16. Na3 {[%clk 0:10:44]} Be5
{[%clk 0:11:15]} 17. Bf4 {[%clk 0:10:20]} Nd7 {[%clk 0:11:18]} 18. Nc2
{[%clk 0:09:42]} Qf6 {[%clk 0:10:58]} 19. Bxe5 {[%clk 0:06:42]} dxe5 20. Qc3
{[%clk 0:06:09]} Rae8 {[%clk 0:09:58]} 21. Rbe1 {[%clk 0:06:10]} Qh4
{[%clk 0:09:19]} 22. Qg3 {[%clk 0:05:54]} Qf6 {[%clk 0:09:16]} 23. Qc3
{[%clk 0:05:58]} f4 {[%clk 0:09:01]} 24. f3 {[%clk 0:04:16]} Qg5 {[%clk 0:09:02]}
25. Nb4 {[%clk 0:03:58]} Rf6 {[%clk 0:07:55]} 26. Nd3 {[%clk 0:03:52]} Rg6
{[%clk 0:07:54]} 27. Rf2 {[%clk 0:03:38]} Qh5 {[%clk 0:05:22]} 28. Nxf4
{[%clk 0:02:57]} Qg5 {[%clk 0:04:13]} 29. Nxg6 {[%clk 0:03:01]} Qxg6
{[%clk 0:04:17]} 30. b4 {[%clk 0:01:31]} h5 {[%clk 0:04:07]} 31. f4
{[%clk 0:01:15]} e4 {[%clk 0:03:59]} 32. Qg3 {[%clk 0:00:45]} Qf5
{[%clk 0:03:46]} 33. Qg5 {[%clk 0:00:45]} Qf7 {[%clk 0:03:48]} 34. Rfe2
{[%clk 0:00:43]} Nf6 {[%clk 0:03:52]} 35. a3 {[%clk 0:00:29]} a5 {[%clk 0:03:56]}
36. h3 {[%clk 0:00:29]} Qf8 {[%clk 0:04:00]} 37. c5 {[%clk 0:00:29]} b6
{[%clk 0:03:59]} 38. Rc1 {[%clk 0:00:26]} Rd8 {[%clk 0:03:40]} 39. Qg3
{[%clk 0:00:15]} Rxd5 {[%clk 0:03:30]} 40. cxb6 {[%clk 0:00:11]} cxb6
{[%clk 0:03:33]} 41. bxa5 {[%clk 0:00:15]} bxa5 {[%clk 0:03:37]} 42. Qb3
{[%clk 0:00:16]} Kh8 {[%clk 0:03:32]} 43. Rd1 {[%clk 0:00:20]} Rxd1+
{[%clk 0:03:21]} 44. Qxd1 {[%clk 0:00:24]} Qxa3 {[%clk 0:03:25]} 45. Qd8+
{[%clk 0:00:14]} Kh7 {[%clk 0:03:26]} 46. Qd4 {[%clk 0:00:14]} Qe7
{[%clk 0:03:20]} 47. g3 {[%clk 0:00:07]} Qc7 {[%clk 0:03:19]} 48. Kf2
{[%clk 0:00:06]} h4 {[%clk 0:03:21]} 49. Qe3 {[%clk 0:00:07]} hxg3+
{[%clk 0:02:50]} 50. Qxg3 {[%clk 0:00:10]} Qc5+ {[%clk 0:02:41]} 51. Qe3
{[%clk 0:00:11]} Qf5 {[%clk 0:02:44]} 52. Kg2 {[%clk 0:00:00]} 0-1

[Event "Portugal Open Semirrapidas"]
[Site "Lisboa POR"]
[Date "2020.02.02"]
[Round "6.36"]
[White "CORREIA, Mario Rui"]
[Black "VINAGRE, Pedro"]
[Result "0-1"]
[BlackElo "1800"]
[WhiteElo "1979"]
[LiveChessVersion "1.4.8"]

1. d4 {[%clk 0:15:08]} d5 {[%clk 0:15:04]} 2. Nf3 {[%clk 0:15:08]} Nf6
{[%clk 0:15:05]} 3. g3 {[%clk 0:15:11]} c6 {[%clk 0:14:52]} 4. Bg2
{[%clk 0:15:14]} e6 {[%clk 0:14:25]} 5. O-O {[%clk 0:15:16]} Bd6 {[%clk 0:14:25]}
6. c4 {[%clk 0:15:15]} O-O {[%clk 0:14:23]} 7. Qc2 {[%clk 0:15:06]} Nbd7
{[%clk 0:13:24]} 8. Rd1 {[%clk 0:14:57]} Ne4 {[%clk 0:11:06]} 9. Nfd2
{[%clk 0:14:34]} Ndf6 {[%clk 0:10:02]} 10. f3 {[%clk 0:14:29]} Nxd2
{[%clk 0:10:04]} 11. Bxd2 {[%clk 0:14:32]} c5 {[%clk 0:09:23]} 12. dxc5
{[%clk 0:12:49]} Bxc5+ {[%clk 0:09:27]} 13. Kh1 {[%clk 0:12:53]} Qe7
{[%clk 0:08:11]} 14. Bg5 {[%clk 0:12:18]} d4 {[%clk 0:05:29]} 15. Nd2
{[%clk 0:12:12]} h6 {[%clk 0:05:21]} 16. Bxf6 {[%clk 0:12:06]} Qxf6
{[%clk 0:05:23]} 17. Nb3 {[%clk 0:11:54]} b6 {[%clk 0:05:12]} 18. Qe4
{[%clk 0:11:49]} Rb8 {[%clk 0:05:11]} 19. a3 {[%clk 0:10:13]} Bb7
{[%clk 0:05:04]} 20. Qd3 {[%clk 0:10:16]} e5 {[%clk 0:04:48]} 21. Nd2
{[%clk 0:10:20]} a5 {[%clk 0:04:30]} 22. b3 {[%clk 0:10:06]} Qe7 {[%clk 0:04:22]}
23. a4 {[%clk 0:07:28]} f5 {[%clk 0:04:15]} 24. Rf1 {[%clk 0:06:21]} Rbd8
{[%clk 0:03:35]} 25. Rad1 {[%clk 0:05:56]} Rf6 {[%clk 0:02:27]} 26. Qb1
{[%clk 0:05:31]} Bb4 {[%clk 0:02:20]} 27. Kg1 {[%clk 0:04:53]} Qc5
{[%clk 0:02:02]} 28. Kh1 {[%clk 0:04:57]} Re8 {[%clk 0:01:54]} 29. Qc2
{[%clk 0:04:06]} g5 {[%clk 0:01:48]} 30. g4 {[%clk 0:03:43]} fxg4
{[%clk 0:01:42]} 31. Ne4 {[%clk 0:03:44]} Bxe4 {[%clk 0:01:42]} 32. Qxe4
{[%clk 0:03:47]} gxf3 {[%clk 0:01:34]} 33. Bxf3 {[%clk 0:03:50]} Ref8
{[%clk 0:01:30]} 34. Rg1 {[%clk 0:03:40]} Qd6 {[%clk 0:01:19]} 35. Rg3
{[%clk 0:03:44]} Rf4 {[%clk 0:01:21]} 36. Qb1 {[%clk 0:03:08]} Qf6
{[%clk 0:01:20]} 37. Rdg1 {[%clk 0:02:40]} Bc5 {[%clk 0:01:13]} 38. Qd3
{[%clk 0:02:33]} Kh8 {[%clk 0:01:08]} 39. Rh3 {[%clk 0:02:13]} Re8
{[%clk 0:00:51]} 40. Be4 {[%clk 0:01:42]} Rg8 {[%clk 0:00:42]} 41. Bd5
{[%clk 0:01:23]} Rg7 {[%clk 0:00:45]} 42. Rhg3 {[%clk 0:01:09]} Qe7
{[%clk 0:00:26]} 43. Be4 {[%clk 0:01:12]} Qf6 {[%clk 0:00:30]} 44. Rf3
{[%clk 0:00:53]} g4 {[%clk 0:00:25]} 45. Rfg3 {[%clk 0:00:52]} h5
{[%clk 0:00:29]} 46. h3 {[%clk 0:00:14]} Rf1 {[%clk 0:00:23]} 47. Rxf1
{[%clk 0:00:06]} Qxf1+ {[%clk 0:00:26]} 48. Kh2 {[%clk 0:00:11]} Qf2+
{[%clk 0:00:28]} 49. Rg2 {[%clk 0:00:14]} Qf4+ {[%clk 0:00:30]} 50. Kg1
{[%clk 0:00:17]} gxh3 {[%clk 0:00:28]} 51. Rxg7 {[%clk 0:00:17]} Kxg7
{[%clk 0:00:32]} 52. Qf3 {[%clk 0:00:20]} Qxf3 {[%clk 0:00:28]} 53. Bxf3
{[%clk 0:00:25]} d3+ {[%clk 0:00:23]} 54. Kh2 {[%clk 0:00:22]} d2
{[%clk 0:00:26]} 55. e4 {[%clk 0:00:26]} Kf6 {[%clk 0:00:29]} 56. Kxh3
{[%clk 0:00:30]} Kg5 {[%clk 0:00:34]} 57. Kg3 {[%clk 0:00:21]} h4+
{[%clk 0:00:37]} 58. Kg2 {[%clk 0:00:09]} Kf4 {[%clk 0:00:41]} 59. Bd1
{[%clk 0:00:13]} Ke3 {[%clk 0:00:42]} 60. Bh5 {[%clk 0:00:13]} h3+
{[%clk 0:00:36]} 0-1

[Event "Portugal Open Semirrapidas"]
[Site "Lisboa POR"]
[Date "2020.02.02"]
[Round "6.37"]
[White "AVELINO, Camila Biscaya"]
[Black "MALOBERTI, David"]
[Result "0-1"]
[BlackElo "1975"]
[WhiteElo "1671"]
[LiveChessVersion "1.4.8"]

1. e4 {[%clk 0:15:08]} e6 {[%clk 0:15:08]} 2. d4 {[%clk 0:15:12]} d5
{[%clk 0:15:12]} 3. Nd2 {[%clk 0:15:16]} c5 {[%clk 0:15:16]} 4. exd5
{[%clk 0:15:20]} exd5 {[%clk 0:15:20]} 5. Ngf3 {[%clk 0:15:15]} Nf6
{[%clk 0:15:24]} 6. Be2 {[%clk 0:15:14]} Bd6 {[%clk 0:15:18]} 7. dxc5
{[%clk 0:15:06]} Bxc5 {[%clk 0:15:21]} 8. O-O {[%clk 0:15:09]} O-O
{[%clk 0:15:24]} 9. Nb3 {[%clk 0:15:13]} Bb6 {[%clk 0:15:27]} 10. Bg5
{[%clk 0:15:11]} Be6 {[%clk 0:14:35]} 11. c3 {[%clk 0:15:12]} Nbd7
{[%clk 0:14:30]} 12. Nfd4 {[%clk 0:14:58]} Qc7 {[%clk 0:14:15]} 13. h3
{[%clk 0:14:30]} Ne4 {[%clk 0:14:11]} 14. Be3 {[%clk 0:14:33]} Rae8
{[%clk 0:14:06]} 15. Bf3 {[%clk 0:14:27]} Ndc5 {[%clk 0:13:27]} 16. Nxc5
{[%clk 0:13:35]} Nxc5 {[%clk 0:13:28]} 17. Bg4 {[%clk 0:12:01]} Ne4
{[%clk 0:13:05]} 18. Bf3 {[%clk 0:11:37]} Bd7 {[%clk 0:12:56]} 19. Qc2
{[%clk 0:10:32]} f5 {[%clk 0:12:09]} 20. Rad1 {[%clk 0:10:23]} f4
{[%clk 0:11:59]} 21. Bc1 {[%clk 0:10:27]} Kh8 {[%clk 0:11:31]} 22. Qb3
{[%clk 0:10:27]} Bc6 {[%clk 0:11:29]} 23. Bg4 {[%clk 0:10:10]} Qf7
{[%clk 0:10:48]} 24. Bf3 {[%clk 0:05:40]} Ng5 {[%clk 0:10:28]} 25. Bg4
{[%clk 0:03:56]} h5 {[%clk 0:10:03]} 26. Bf3 {[%clk 0:03:22]} Qg6
{[%clk 0:09:30]} 27. Qc2 {[%clk 0:01:09]} Nxf3+ {[%clk 0:09:29]} 0-1

[Event "Portugal Open Semirrapidas"]
[Site "Lisboa POR"]
[Date "2020.02.02"]
[Round "6.38"]
[White "PINHO, Tiago B"]
[Black "CARVALHO, Vitor"]
[Result "0-1"]
[BlackElo "1786"]
[WhiteElo "1975"]
[LiveChessVersion "1.4.8"]

1. c4 {[%clk 0:15:07]} Nf6 {[%clk 0:15:08]} 2. Nc3 d5 {[%clk 0:15:09]} 3. cxd5
{[%clk 0:15:13]} Nxd5 {[%clk 0:15:12]} 4. e4 {[%clk 0:15:16]} Nxc3
{[%clk 0:15:15]} 5. bxc3 {[%clk 0:15:18]} g6 {[%clk 0:15:15]} 6. Nf3
{[%clk 0:15:18]} Bg7 {[%clk 0:15:19]} 7. Be2 {[%clk 0:15:12]} O-O
{[%clk 0:15:19]} 8. O-O {[%clk 0:15:14]} c5 {[%clk 0:15:09]} 9. Qc2
{[%clk 0:14:43]} e5 {[%clk 0:14:49]} 10. d3 {[%clk 0:14:27]} Nc6 {[%clk 0:14:39]}
11. Be3 {[%clk 0:14:12]} b6 {[%clk 0:14:32]} 12. Rad1 {[%clk 0:13:42]} Qe7
{[%clk 0:14:13]} 13. d4 {[%clk 0:13:20]} cxd4 {[%clk 0:13:57]} 14. cxd4
{[%clk 0:13:22]} Nxd4 {[%clk 0:13:13]} 15. Nxd4 {[%clk 0:13:20]} exd4
{[%clk 0:13:15]} 16. Bxd4 {[%clk 0:13:21]} Bb7 {[%clk 0:12:52]} 17. Bxg7
{[%clk 0:11:34]} Kxg7 {[%clk 0:12:53]} 18. Bf3 {[%clk 0:11:24]} Rac8
{[%clk 0:12:47]} 19. Qa4 {[%clk 0:11:19]} Bc6 {[%clk 0:12:38]} 20. Qa6
{[%clk 0:08:27]} Rfd8 {[%clk 0:12:04]} 21. Qe2 {[%clk 0:06:44]} Qe5
{[%clk 0:11:51]} 22. Rfe1 {[%clk 0:05:56]} Bb5 {[%clk 0:11:35]} 23. Qe3
{[%clk 0:05:30]} Rc3 {[%clk 0:10:16]} 24. Rxd8 {[%clk 0:05:12]} Rxe3
{[%clk 0:10:18]} 25. Rxe3 {[%clk 0:03:40]} Qa1+ {[%clk 0:10:00]} 26. Rd1
{[%clk 0:03:42]} Qxa2 {[%clk 0:10:00]} 27. h4 {[%clk 0:03:11]} h5
{[%clk 0:09:35]} 28. Rc1 {[%clk 0:01:47]} Bc4 {[%clk 0:09:06]} 29. Rec3
{[%clk 0:01:43]} b5 {[%clk 0:09:05]} 30. R3c2 {[%clk 0:01:39]} Qa3
{[%clk 0:08:52]} 31. Rc3 {[%clk 0:01:38]} Qe7 {[%clk 0:08:42]} 32. Ra1
{[%clk 0:01:36]} Qxh4 {[%clk 0:08:01]} 33. Rxa7 {[%clk 0:01:27]} Qg5
{[%clk 0:07:49]} 34. Rd7 {[%clk 0:00:36]} Qe5 {[%clk 0:07:19]} 35. Rc1
{[%clk 0:00:27]} h4 {[%clk 0:07:07]} 36. Rd8 {[%clk 0:00:09]} Qg5
{[%clk 0:06:38]} 37. Rc2 {[%clk 0:00:08]} Qxd8 0-1

[Event "Portugal Open Semirrapidas"]
[Site "Lisboa POR"]
[Date "2020.02.02"]
[Round "6.39"]
[White "SANTOS, Isabel P"]
[Black "MARTINS, Diogo"]
[Result "0-1"]
[BlackElo "1967"]
[WhiteElo "1528"]
[LiveChessVersion "1.4.8"]

1. d4 {[%clk 0:15:09]} Nf6 {[%clk 0:15:10]} 2. c4 {[%clk 0:15:13]} c5
{[%clk 0:15:14]} 3. d5 {[%clk 0:15:16]} e6 {[%clk 0:15:18]} 4. Nc3
{[%clk 0:15:19]} exd5 {[%clk 0:15:22]} 5. cxd5 {[%clk 0:15:23]} d6
{[%clk 0:15:26]} 6. e4 {[%clk 0:15:20]} g6 {[%clk 0:15:30]} 7. Bb5+
{[%clk 0:15:23]} Bd7 {[%clk 0:15:25]} 8. Be2 {[%clk 0:14:28]} Bg7
{[%clk 0:15:29]} 9. f4 {[%clk 0:14:31]} O-O {[%clk 0:15:21]} 10. Nf3
{[%clk 0:14:34]} Bg4 {[%clk 0:15:19]} 11. O-O {[%clk 0:14:33]} a6
{[%clk 0:15:21]} 12. Qc2 {[%clk 0:14:28]} b5 {[%clk 0:15:19]} 13. a3
{[%clk 0:13:57]} Nbd7 {[%clk 0:15:19]} 14. Be3 {[%clk 0:13:35]} Re8
{[%clk 0:15:19]} 15. h3 {[%clk 0:13:05]} Bxf3 {[%clk 0:15:22]} 16. Bxf3
{[%clk 0:12:15]} Rc8 17. Qf2 b4 {[%clk 0:13:50]} 18. axb4 {[%clk 0:12:18]} cxb4
{[%clk 0:13:54]} 19. Nd1 {[%clk 0:11:56]} Nxe4 {[%clk 0:13:48]} 20. Bxe4
{[%clk 0:11:43]} Rxe4 {[%clk 0:13:50]} 21. Rxa6 Nc5 22. Rc6 {[%clk 0:11:12]} Rxc6
{[%clk 0:13:37]} 23. dxc6 Qc7 {[%clk 0:13:26]} 24. Qh4 {[%clk 0:09:57]} Qxc6 25.
Qd8+ {[%clk 0:09:04]} Re8 {[%clk 0:12:52]} 26. Qa5 {[%clk 0:03:21]} Nd3 27. f5
Ra8 {[%clk 0:10:38]} 28. Qb6 {[%clk 0:03:07]} Qxb6 {[%clk 0:10:25]} 29. Bxb6
{[%clk 0:03:09]} Nxb2 {[%clk 0:09:28]} 30. fxg6 {[%clk 0:01:55]} hxg6
{[%clk 0:09:28]} 31. Nxb2 {[%clk 0:01:55]} Bxb2 {[%clk 0:09:28]} 32. Rd1
{[%clk 0:01:57]} Ra1 {[%clk 0:09:20]} 33. Rxa1 Bxa1 0-1

[Event "Portugal Open Semirrapidas"]
[Site "Lisboa POR"]
[Date "2020.02.02"]
[Round "6.40"]
[White "VAN DEN BERG, Imme"]
[Black "GORGOJO FREIJO, Diego"]
[Result "1-0"]
[BlackElo "1705"]
[WhiteElo "1936"]
[LiveChessVersion "1.4.8"]

1. d4 {[%clk 0:15:08]} c5 {[%clk 0:15:00]} 2. d5 {[%clk 0:14:53]} e5
{[%clk 0:14:58]} 3. e4 {[%clk 0:14:26]} d6 {[%clk 0:14:49]} 4. g3
{[%clk 0:13:15]} g6 {[%clk 0:13:54]} 5. Bg2 {[%clk 0:12:56]} Bg7 {[%clk 0:13:51]}
6. Ne2 {[%clk 0:12:40]} Ne7 {[%clk 0:13:41]} 7. O-O {[%clk 0:12:41]} O-O
{[%clk 0:13:05]} 8. c4 {[%clk 0:12:13]} f5 {[%clk 0:11:47]} 9. Nbc3
{[%clk 0:11:01]} Nd7 {[%clk 0:11:33]} 10. f4 {[%clk 0:08:32]} exf4
{[%clk 0:09:19]} 11. Nxf4 {[%clk 0:08:15]} Ne5 {[%clk 0:09:19]} 12. Ne6
{[%clk 0:05:34]} Bxe6 {[%clk 0:09:07]} 13. dxe6 {[%clk 0:05:37]} Nxc4
{[%clk 0:08:01]} 14. exf5 {[%clk 0:05:37]} gxf5 {[%clk 0:06:23]} 15. Qe2
{[%clk 0:05:24]} Na5 {[%clk 0:04:26]} 16. Bf4 {[%clk 0:05:09]} Nac6
{[%clk 0:03:19]} 17. Nb5 {[%clk 0:03:54]} Nd4 {[%clk 0:03:09]} 18. Nxd4
{[%clk 0:03:53]} Bxd4+ {[%clk 0:03:12]} 19. Kh1 {[%clk 0:03:57]} d5
{[%clk 0:02:56]} 20. Be5 {[%clk 0:03:28]} Bxe5 {[%clk 0:02:13]} 21. Qxe5
{[%clk 0:03:31]} Qb8 {[%clk 0:02:14]} 22. Qe3 {[%clk 0:03:03]} Qd6
{[%clk 0:02:13]} 23. Rae1 {[%clk 0:02:33]} Rad8 {[%clk 0:02:13]} 24. Qg5+
{[%clk 0:02:08]} Kh8 {[%clk 0:02:14]} 25. Rf4 {[%clk 0:01:51]} Rg8
{[%clk 0:01:21]} 26. Qf6+ {[%clk 0:01:54]} Rg7 {[%clk 0:01:21]} 27. g4
{[%clk 0:01:35]} Ng8 {[%clk 0:01:19]} 28. Qxf5 {[%clk 0:01:33]} Nh6
{[%clk 0:00:46]} 29. Qf6 {[%clk 0:01:28]} Ng8 {[%clk 0:00:37]} 30. Qe5
{[%clk 0:01:08]} Qb6 {[%clk 0:00:24]} 31. Rf7 {[%clk 0:01:01]} Nf6
{[%clk 0:00:09]} 32. Qxf6 {[%clk 0:01:01]} Rdg8 {[%clk 0:00:09]} 33. Bxd5
{[%clk 0:00:47]} Qd6 {[%clk 0:00:08]} 34. Qe5 {[%clk 0:00:35]} Qa6
{[%clk 0:00:06]} 35. e7 {[%clk 0:00:32]} Qa5 {[%clk 0:00:10]} 36. Rxg7
{[%clk 0:00:28]} Qxe1+ {[%clk 0:00:12]} 37. Qxe1 {[%clk 0:00:32]} Rxg7 38. e8=Q+
1-0

[Event "Portugal Open Semirrapidas"]
[Site "Lisboa POR"]
[Date "2020.02.02"]
[Round "6.41"]
[White "NUNES, Adelino"]
[Black "PRATA, Jose"]
[Result "0-1"]
[BlackElo "1912"]
[WhiteElo "1518"]
[LiveChessVersion "1.4.8"]

1. e4 {[%clk 0:15:08]} e6 {[%clk 0:15:09]} 2. Nf3 {[%clk 0:15:08]} d5
{[%clk 0:15:12]} 3. exd5 {[%clk 0:15:11]} exd5 {[%clk 0:15:16]} 4. d4
{[%clk 0:15:12]} Bd6 {[%clk 0:15:19]} 5. g3 {[%clk 0:15:09]} Ne7 {[%clk 0:15:22]}
6. Bg2 {[%clk 0:15:09]} Nbc6 {[%clk 0:15:25]} 7. c3 {[%clk 0:15:12]} Bg4
{[%clk 0:15:18]} 8. h3 {[%clk 0:15:13]} Bf5 {[%clk 0:15:09]} 9. O-O
{[%clk 0:15:13]} Qd7 {[%clk 0:15:12]} 10. Kh2 {[%clk 0:15:16]} O-O-O
{[%clk 0:15:07]} 11. Be3 {[%clk 0:15:18]} h5 {[%clk 0:14:52]} 12. Nbd2
{[%clk 0:15:16]} h4 {[%clk 0:14:48]} 13. Ng1 {[%clk 0:14:25]} f6 {[%clk 0:16:18]}
14. Qf3 {[%clk 0:13:39]} g5 {[%clk 0:16:07]} 15. c4 {[%clk 0:13:16]} g4
{[%clk 0:15:28]} 16. Qd1 {[%clk 0:12:47]} hxg3+ {[%clk 0:15:20]} 17. fxg3
{[%clk 0:12:40]} dxc4 {[%clk 0:15:08]} 18. Nxc4 {[%clk 0:12:29]} gxh3
{[%clk 0:14:54]} 19. Nxd6+ {[%clk 0:11:30]} Qxd6 {[%clk 0:14:45]} 20. Nxh3
{[%clk 0:10:03]} Qd7 {[%clk 0:13:27]} 21. d5 {[%clk 0:07:58]} Bxh3
{[%clk 0:13:01]} 22. dxc6 {[%clk 0:07:52]} Bxg2+ {[%clk 0:12:42]} 23. Kg1
{[%clk 0:07:37]} Qxd1 {[%clk 0:12:08]} 24. cxb7+ {[%clk 0:07:30]} Bxb7
{[%clk 0:11:54]} 25. Raxd1 {[%clk 0:07:26]} Rxd1 {[%clk 0:11:57]} 26. Rxd1
{[%clk 0:07:23]} Rh1+ {[%clk 0:12:00]} 27. Kf2 {[%clk 0:07:20]} Rxd1
{[%clk 0:12:03]} 28. Bxa7 {[%clk 0:07:22]} Rd2+ {[%clk 0:12:03]} 29. Kf3
{[%clk 0:07:14]} Rxb2+ {[%clk 0:12:02]} 30. Kf4 {[%clk 0:07:16]} Rxa2
{[%clk 0:11:59]} 31. Bc5 {[%clk 0:07:07]} Kd7 {[%clk 0:11:59]} 32. Bxe7
{[%clk 0:06:36]} Kxe7 {[%clk 0:12:03]} 33. Kf3 0-1